| 000 | 00574nam a2200133 4500 | ||
|---|---|---|---|
| 008 | 0 2007 0a 000 0mex | ||
| 050 | _aT56.42 MR5 M6 2007 | ||
| 082 | _a658.568 M6s | ||
| 100 | _aMoeller Mendoza, Myriam Raquel | ||
| 245 | _aSeguimiento a las no conformidades del SGC del laboratorio de control de especificaciónes / Myriam Raquel Moeller Mendoza | ||
| 300 | _a90 p. / 28 cm. | ||
| 502 | _aMemoria de residencia profesional. Opción x. I.T.Z. (Industrial) Ing. Monica Campos Alvarez | ||
| 650 | _a1, CONTROL DE CALIDAD 2. COMNTROL DE ESPECIFICACIONES | ||
| 999 |
_c22461 _d22461 |
||